Quizzes
Events
Quiz Creation
Community
Videos
Private Events
Remove Ads
Sign In
Join for FREE
Feedback
Dark Mode
Quiz Categories
Sports
Geography
Music
Movies
Television
Just For Fun
Miscellaneous
History
Literature
Language
Science
Gaming
Entertainment
Religion
Holiday
For Kids
Quiz Lab
Recent
Popular Today
Quiz Kudos Today
Editor Picks
Curator Picks
Quizzes by...
Day
Popularity
Type
Ratings
Length
Year
Community
Subscriptions
Recent Discussions
Orange Saloon
Badges
Playlists
Quests
Create
Leaderboards
Showdown
Live 5
Trivia Bingo
Activity
Puzzle Library
Sporcle Events
Private Events
Virtual Trivia
Globe League
Become a Host
Pub Owners
SporcleCon
Opinionation
Our Games
Videos
Blog
Mobile Apps
Partnerships
Remove Ads and Go Orange
Feedback
Sports
Athletes
MLB
NBA
NHL
NFL
Soccer
Sports Teams
WWE
NCAA
Football
Premier League
Basketball
Baseball
Hockey
Golf
Tennis
Cricket
Rugby
Auto Racing
Olympics
World Cup
Sports
Athletes
MLB
NBA
NHL
NFL
Soccer
Sports Teams
WWE
NCAA
Football
Premier League
Basketball
Baseball
Hockey
Golf
Tennis
Cricket
Rugby
Auto Racing
Olympics
World Cup
Random Quiz
Search Sporcle
×
Quiz Lab
Quiz Lab
Sports
2016
Type in answers that appear in a list
Type in answers that appear in a list
Classic
Best Score? Go Orange.
UEFA EURO 2016 TEAM: CROATIA Stats
Can you name team of Croatia for UEFA EURO 2016?
By
sromagerrard
7m
23 Questions
129 Plays
129 Plays
129 Plays
Comments
Comments
Give Quiz Kudos
Give Quiz Kudos
-
- Ratings
hide this ad
Replay
Link that replays current quiz
Next Quiz
Link to next quiz in quiz playlist
You Got
0%
They Got
Avg Score
70%
Avg Friend Score
Upgrade to see
Score Distribution
Jump to the score distribution portion of the page
Score
0/23
Timer
07:00
0
Plays Today
Club, Position
Player
% Correct
Real Madrid, MC
Luka Modric
96.9%
FC Barcelona, MC
Ivan Rakitic
96.9%
Juventus Torino, FC
Mario Mandzukic
94.6%
Shakhtar Donetsk, DR
Darijo Srna
93%
Inter Milano, AML
Ivan Perisic
89.9%
Real Madrid, MC
Mateo Kovacic
89.1%
AS Monaco, GK
Danijel Subasic
88.4%
Dinamo Zagreb, DC
Gordon Schildenfeld
78.3%
AC Fiorentina, FC
Nikola Kalinic
78.3%
Hajduk Split, GK
Lovre Kalinic
77.5%
Inter Milano, MC
Marcelo Brozovic
73.6%
Lokomotiv Moscow, DC
Vedran Corluka
72.9%
Club, Position
Player
% Correct
Dynamo Kiew, DC
Domagoj Vida
69%
US Sassuolo, DR
Sime Vrsaljko
64.3%
FC Malaga, FC
Duje Cop
64.3%
AC Fiorentina, DMC
Milan Badelj
62%
Tsg Hoffenheim, FC
Andrej Kramaric
59.7%
Bayer Leverkusen, DC
Tin Jedvaj
56.6%
Dinamo Zagreb, AML
Marko Pjaca
52.7%
Dinamo Zagreb, AMC
Ante Coric
51.9%
SSC Napoli, DL
Ivan Strinic
41.9%
HNK Rijeka, GK
Ivan Vargic
35.7%
Dinamo Zagreb, MC
Marko Rog
35.7%
Quiz Playlist
Details
Report
Send in Message
Add To Playlist
Classic:
Type in answers that appear in a list
Last Updated: Feb 16, 2017
Quiz Scoreboard
CHALLENGE
Sign Up to Join the Scoreboard
Show All
Scores
Hide
Comments
May contain spoilers
Recently Published
College Basketball Coaching Resumes
by pancakes188
Sports
9m
Billboard Blitz: Fleetwood Mac
by CooCooCachoo
Music
15s
Presidents Visiting Landmarks
by Hejman
History
7m
More to Explore
Quiz From the Vault
Featured Blog Post
Where Did the Easter Bunny Come From?
hide this ad
You Might Also Like...
Tags
2016
club
Croatia
Player
potential
team
UEFA
UEFA Euro
Today's Top Quizzes in Sports
Browse Sports
hide this ad
Today's Top Quizzes in 2016
Browse 2016
Top Contributed Quizzes in Sports
1
2022 World Cup Stars
2
Les meilleurs buteurs des matchs entre le PSG et l’OM
3
FIFA Club World Cup Champions
4
Les entraîneurs de l'OM et du PSG au 21e siècle
5
Criteria MLB: Left Handed Sluggers
6
AFC Teams Reveal (Wrong Answers Minefield)
7
5-to-1: UK Sports Teams
8
5-to-1: FBS Animal Nicknames
9
2023 MLB Unique Player Accomplishments
10
Name the Premier League winners with different clubs
Explore More
Trending Topics
Kpop
NBA
Harry Potter
Crossword
Marvel
Anime
Disney
The Office
Country
Soccer
Song
Puzzle
WWE
Pokémon
NFL
hide this ad
More By:
sromagerrard
Quiz
Plays
Rating
Category
Featured
Created
XI's Footballers born in 1984
496
5.00
Sports
May 9, 2017
XI's Footballers born in 1983
455
5.00
Sports
May 9, 2017
Premier league:Projected Lineups (2016-2017) PART I
435
4.00
Sports
Jul 18, 2016
XI's Footballers born in 1998
408
5.00
Sports
May 10, 2017
XI's Footballers born in 1999
401
5.00
Sports
May 10, 2017
Go to Creator's Profile
Score Distribution
Quiz Creator Spotlight
sromagerrard
Follow
Send a Message
Quizzes Created
-
Created Quiz Play Count
-
More By This Creator
Popular Quizzes Today
1
Find the US States - No Outlines Minefield
2
Find the Countries of Europe - No Outlines Minefield
3
The Countries of the World
4
Find the US States
5
Risky Map Clicking: Biggest States A-Z
6
US States
7
Popular People in 1961
8
Movies - When Are They Set?
More Sports Quizzes
Top 20 Premier League Goal Scorers - Dutch Players
Quiz Lab
Trending Quizzes
Risky Map Clicking: Least Populous States A-Z
1-10 Letter G Words
1-10 Letter F Words
Risky Map Clicking: Next State Alphabetically
Risky Map Clicking: Biggest States A-Z
Recently Updated
Leaping Animals
pecheneg
Reality TV Shows (A-Z)
bhenderson79
Rickey Henderson's Hall of Fame Teammates
pecheneg
Champions League XIs: Arsenal
pecheneg
Quick Pick: Celebrities in WWE's Hall of Fame
aduchscher
A-Z Keypad Blitz II
pecheneg
Multiple Oscar Actors
pecheneg
Mystery Phrase Blitz: Oscar 'Best Actors'
pecheneg
F. Scott Fitzgerald Novels
LTH
Pick 3 Villains
ddd62291
Trending Topics
Kpop
Harry Potter
Anime
Marvel
Disney
NBA
Crossword
Puzzle
Soccer
NFL
Song
Pokémon
The Office
WWE
Country
Your Account Isn't Verified!
In order to create a playlist on Sporcle, you need to verify the email address you used during registration. Go to your
Sporcle Settings
to finish the process.
Report this User
Report this user for behavior that violates our
Community Guidelines
.
Details:
Send Report
Go to the Sporcle.com Mobile Site →
Comments